000 00291nam a2200097Ia 4500
008 230915s9999 xx 000 0 und d
050 _aQC21.2.B73 2000
100 _aDOUGLAS C. GIANCOLI
245 0 _aSTUDY GUIDE AND STUDENT SOLUTIONS MANUAL:PHYSICS FOR SCIENTISTS AND ENGINEERS
942 _cBK
999 _c189197
_d189197